Pour une revision rapide du cours de mathematiques : classe terminale D
Αποθηκεύτηκε σε:
| Κύριος συγγραφέας: | |
|---|---|
| Μορφή: | Βιβλίο |
| Γλώσσα: | French |
| Δημοσίευση: |
Paris :
Librairie Vuibert,
1968
|
| Θέματα: | |
| Ετικέτες: |
Προσθήκη ετικέτας
Δεν υπάρχουν, Καταχωρήστε ετικέτα πρώτοι!
|
MARC
| LEADER | 00000cam a2200000 i 4500 | ||
|---|---|---|---|
| 001 | 1/6037 | ||
| 008 | 100323s1968 fre d | ||
| 035 | |l 10107372 | ||
| 040 | |a GR-MY-UA |b gre |e aacr | ||
| 041 | 0 | |a fre | |
| 082 | 0 | |a 510 |2 (22) | |
| 100 | 1 | |a Combes, A. |q (Andre), |d 1905-1987. | |
| 245 | 1 | 0 | |a Pour une revision rapide du cours de mathematiques : |b classe terminale D / |c A. Combes |
| 260 | |a Paris : |b Librairie Vuibert, |c 1968 | ||
| 300 | |a 122 σ.; |b σχέδια; |c 21 εκ. | ||
| 650 | 0 | 0 | |a Mathematics. |
| 852 | |a INST |b SAMOS |c MAG |e 20100323 |h 510 COM |p 005300032135 |q 005300032135 |t BK |y 0 | ||
| 901 | |a BIBL3-2010-1 | ||
| 909 | |a Σ |b 162082 | ||
| 970 | |a ΡΟΥΣΣΟΥ |b ΚΩΝΣΤΑΝΤΙΝΑ |z 2010/03/23 | ||